00716nam a2200205 a 450000100060000000300080000600500170001400800390003102000300007003500190010004000320011904100080015108200250015910000240018424501270020826000380033530000250037350400390039865000730043714101BD-RjUL20211208235555.0161204s1987 cou b 001 0 eng a0813373204 (alk. paper) : a(BD-RjUL)14153 aDLCcDLCdDLCdBD-RjULbeng aeng00a658.0480285223bSTC1 aStanback, Thomas M.10aComputerization and the transformation of employment :bgovernment, hospitals, and universities /cThomas M. Stanback, Jr. aBoulder :bWestview Press,c1987. axv, 151 p. ;c24 cm. aIncludes bibliographies and index. 0aNonprofit organizationszUnited StatesxManagementxData processing.